Culture Générale - Série 2297 - Statistiques

Statistiques générales
  • Ce quiz a été pris 147 fois
  • Le résultat moyen est 5 sur 10
Statistiques - réponses
Question Réponse % Correct
De quel pays est originaire le plat cuisiné (brochettes de poulet dont chaque morceau a la taille d'une bouchée, cuites sur un gril) appelé "yakitori" ? Japon
92%
C'est un cocktail sans alcool, composé de sirop ( menthe, grenadine, fraise, …) et de limonade ou un instrument de jonglerie diabolo
77%
Quel romancier prénommé Guillaume a écrit "La jeune fille et la nuit" en 2018 ? Musso
59%
Quel outil à main ou électrique est appelé "chignole" ? perceuse
53%
Quel mot désigne un fléau à deux branches utilisé comme arme de combat et de façon artistique dans différentes écoles et disciplines martiales d'origine asiatique ? nunchaku
48%
De quel pays est originaire la préparation culinaire (dessert) appelée "sabayon" ? Italie
47%
Sorte de gourde faite de peau d'animal cousue en forme de sac. outre
45%
Quelle ville du sud de la France est surplombée par le sommet calcaire appelé "mont Faron" ? Toulon
41%
Ce mot désigne un oiseau et en argot une fausse clé rossignol
20%
Créature légendaire de Bretagne, comparable au lutin. Bienveillant ou malveillant selon les cas, il peut faire preuve d'une extrême générosité, mais est capable d'horribles vengeances - voir photo korrigan
18%
Aucun quiz correspondant
Distribution des résultats
% des personnes avec chaque résultat
Percentile par nombre de réponses
Votre historique - résultats
Vous n’avez pas pris ce quiz